| 000 | 00759nam a2200253Ia 4500 | ||
|---|---|---|---|
| 003 | OSt | ||
| 005 | 20220926012810.0 | ||
| 006 | a|||||r|||| 00| 0 | ||
| 007 | ta | ||
| 008 | 220923b |||||||| |||| 00| 0 eng d | ||
| 020 |
_a0743247442 _c1092.25 |
||
| 037 |
_b0216, 20/07/2005, KW _cGeneral Book |
||
| 040 |
_aRTL _cRTL _beng |
||
| 041 |
_2eng _aeng |
||
| 082 | _aXM5, P4 | ||
| 100 |
_aBakan Joel _9317272 |
||
| 245 | 0 |
_aCorporation _b The pathological pursuit of profit and power |
|
| 260 |
_aNew York _bFree Press USA _c2004 |
||
| 300 |
_a228p _ccm. |
||
| 500 | _aBibliography P 201-213 | ||
| 650 |
_aJoint Stock Companies _9230681 |
||
| 942 |
_hXM5, P4 _cGB _2CC |
||
| 999 |
_c624354 _d624354 |
||